[Event "Tournoi Skype 031B"]
[Site "Skype"]
[Date "????.??.??"]
[Round "4.4"]
[White "Nicolini, Francesco"]
[Black "Hernandez Monzon, Alejandro"]
[Result "1-0"]
[WhiteElo "1165"]
[BlackElo "1240"]
[PlyCount "97"]

1. e4 e5 2. Bc4 Nf6 3. Nc3 b6 4. d4 exd4 5. Qxd4 Nc6 6. Qd1 d6 7. Bg5 Be7 8. h3
Bb7 9. Nge2 Ne5 10. Bb5+ c6 11. Ba4 Qc7 12. Qd2 O-O-O 13. Nd4 Nc4 14. Qc1 h6
15. Bf4 g5 16. Bh2 h5 17. Bb3 Ba6 18. Nf5 Bf8 19. Qxg5 Nd7 20. O-O-O f6 21. Qh4
Re8 22. Bxc4 Bxc4 23. Bxd6 Bxd6 24. Nxd6+ Kb8 25. Nxc4 Re6 26. Rd3 b5 27. Nd2
b4 28. Ncb1 Rhe8 29. Qxh5 Re5 30. Qh7 R8e7 31. Qg8+ Kb7 32. Qc4 c5 33. Rd5 Nb6
34. Rxe5 Nxc4 35. Rxe7 Qxe7 36. Nxc4 Qe6 37. Nbd2 Qc6 38. Rf1 Qa4 39. Kb1 Qd7
40. h4 Qd4 41. g4 Kc7 42. h5 Qd7 43. f3 a5 44. Re1 a4 45. e5 Qe6 46. Re4 b3 47.
exf6 Qxf6 48. axb3 axb3 49. cxb3 1-0

[Event "Tournoi Skype 031B"]
[Site "Skype"]
[Date "????.??.??"]
[Round "4.7"]
[White "Cockayne, Curtis"]
[Black "Hernandez, Enrique"]
[Result "1-0"]
[WhiteElo "1383"]
[BlackElo "1051"]
[PlyCount "71"]

1. d4 c5 2. d5 Nf6 3. Nc3 a6 4. e4 d6 5. Nf3 Bg4 6. h3 Bxf3 7. Qxf3 Nbd7 8. Bd3
Ne5 9. Qe3 g6 10. Be2 Bg7 11. f4 Ned7 12. f5 O-O 13. g4 Kh8 14. b3 Ng8 15. Bb2
Qa5 16. O-O-O Ne5 17. Kb1 b5 18. fxg6 fxg6 19. Rhf1 c4 20. Rxf8 Rxf8 21. Rf1
Rxf1+ 22. Bxf1 b4 23. Ne2 cxb3 24. cxb3 Qc7 25. Nd4 Qc5 26. Bxa6 Bh6 27. g5 Bg7
28. Qd2 h6 29. Ne6 Qg1+ 30. Kc2 Kh7 31. Nxg7 Kxg7 32. gxh6+ Kh7 33. Bc1 Nf3 34.
Qf4 Qc5+ 35. Kb1 Nd4 36. Qf7+ 1-0

[Event "Tournoi Skype 031B"]
[Site "Skype"]
[Date "????.??.??"]
[Round "4.8"]
[White "Bankhede, Shivkumar"]
[Black "Castanha, Marco"]
[Result "0-1"]
[WhiteElo "1226"]
[BlackElo "1144"]
[PlyCount "76"]

1. e4 e5 2. Nf3 Nc6 3. Nc3 Bc5 4. Be2 Nf6 5. h3 O-O 6. d3 h6 7. a3 d5 8. O-O
dxe4 9. dxe4 Be6 10. Ne1 Qxd1 11. Bxd1 Bc4 12. Nd3 Bb6 13. Re1 Rad8 14. Be2 Nd4
15. Rb1 Nxe2+ 16. Rxe2 Bxd3 17. cxd3 Rxd3 18. Kf1 Rfd8 19. Be3 Bxe3 20. Rxe3
Rxe3 21. fxe3 Rd2 22. b4 a6 23. a4 Rd3 24. Nd5 Nxd5 25. exd5 Rxd5 26. Ke2 e4
27. Rd1 Rxd1 28. Kxd1 f5 29. Ke2 Kf7 30. Kf2 Ke6 31. Kg3 Kd5 32. Kf4 g6 33. h4
b5 34. g4 bxa4 35. h5 gxh5 36. gxh5 a3 37. Kxf5 a2 38. Kg6 a1=Q 0-1

[Event "Tournoi Skype 031B"]
[Site "Skype"]
[Date "????.??.??"]
[Round "4.9"]
[White "Le Bouill, Pierre"]
[Black "Barba Cepeda, Julio Cesar"]
[Result "0-1"]
[WhiteElo "1223"]
[BlackElo "1173"]
[PlyCount "86"]

1. Nf3 Nc6 2. g3 e5 3. d3 d5 4. c3 Nf6 5. Bg2 Bc5 6. O-O h6 7. b4 Bb6 8. a3 O-O
9. e3 Bf5 10. Nh4 Be6 11. Bb2 Qd7 12. Nd2 Bh3 13. Re1 Bxg2 14. Kxg2 Rad8 15. e4
Ng4 16. h3 Nxf2 17. Qf3 Qxh3+ 18. Kg1 Ng4+ 19. d4 exd4 20. cxd4 Nxd4 21. Qg2
Nf3+ 22. Kf1 Nfh2+ 23. Ke2 Qxg2+ 24. Nxg2 d4 25. Nc4 d3+ 26. Kd2 Nf3+ 27. Kc3
Nxe1 28. Rxe1 Bf2 29. Rd1 Bd4+ 30. Kb3 Bxb2 31. Nxb2 d2 32. Kc3 Rfe8 33. Nc4
Rxe4 34. Nxd2 Re2 35. Nf4 Re3+ 36. Kc2 Rxg3 37. Ne2 Rh3 38. Re1 Ne3+ 39. Kc1
Rh2 40. Nf3 Ng2 41. Rg1 Rh3 42. Ned4 Ne3 43. Nd2 Rxd4 0-1

[Event "Tournoi Skype 031B"]
[Site "Skype"]
[Date "????.??.??"]
[Round "4.10"]
[White "Khatanhar, Mohit"]
[Black "De Nobrega, George"]
[Result "1/2-1/2"]
[WhiteElo "1139"]
[BlackElo "1181"]
[PlyCount "65"]

1. e4 e5 2. Nf3 Nc6 3. Bc4 h6 4. d4 exd4 5. Nxd4 Nxd4 6. Qxd4 Nf6 7. O-O Be7 8.
Nc3 O-O 9. Re1 Bb4 10. a3 Bxc3 11. Qxc3 d6 12. Qg3 Nh5 13. Qf3 Nf6 14. Bf4 Re8
15. h3 Be6 16. Bxe6 Rxe6 17. e5 dxe5 18. Rxe5 Rxe5 19. Bxe5 c6 20. Rd1 Qe7 21.
Bd6 Qe6 22. c3 Rd8 23. Bf4 Rxd1+ 24. Qxd1 Qd5 25. Qc1 Qc5 26. Be3 Qa5 27. Qd1
a6 28. Qe2 Qd5 29. Bd4 Qe4 30. Qd1 Qd5 31. Qe2 Qe4 32. Qd1 Qd5 33. Qe2 1/2-1/2

[Event "Tournoi Skype 031B"]
[Site "Skype"]
[Date "????.??.??"]
[Round "4.11"]
[White "Conde, Abigail"]
[Black "Franco, Yolima"]
[Result "0-1"]
[WhiteElo "1177"]
[BlackElo "1495"]
[PlyCount "40"]

1. e4 d5 2. e5 d4 3. Nf3 Nc6 4. Bc4 Bg4 5. Qe2 e6 6. h3 Bh5 7. d3 a6 8. a3 b5
9. Bb3 Na5 10. Bg5 Bxf3 11. Qd2 f6 12. exf6 gxf6 13. Bh4 Nxb3 14. cxb3 Bxg2 15.
Rg1 Bxh3 16. Qe2 Qd5 17. Qh5+ Qxh5 18. Bg3 Bd6 19. f4 Qf3 20. Nd2 Qe3+ 0-1

[Event "Tournoi Skype 031B"]
[Site "Skype"]
[Date "????.??.??"]
[Round "4.12"]
[White "Castillo, David"]
[Black "Conde, Ramon"]
[Result "1-0"]
[WhiteElo "1449"]
[BlackElo "1186"]
[PlyCount "85"]

1. d4 e6 2. Nf3 Nf6 3. e3 b6 4. Bd3 Bb7 5. Nbd2 d5 6. Qe2 Nbd7 7. e4 dxe4 8.
Nxe4 Be7 9. Bg5 h6 10. Nxf6+ Nxf6 11. Bxf6 Bxf6 12. Be4 Bxe4 13. Qxe4 O-O 14.
c3 Qd7 15. O-O Qb5 16. b3 Rfd8 17. Rad1 Qa5 18. Qc2 Rd5 19. c4 Rh5 20. Rfe1 Rd8
21. Re4 c5 22. d5 exd5 23. Rxd5 Rhxd5 24. cxd5 Qb5 25. Qc4 Qd7 26. Qd3 Kf8 27.
Kf1 Qxd5 28. Qxd5 Rxd5 29. h3 Rd1+ 30. Ke2 Ra1 31. a4 Rb1 32. Nd2 Rb2 33. Kd3
Bg5 34. f4 f5 35. Rc4 Be7 36. g3 Ra2 37. Rc1 g5 38. Rf1 gxf4 39. Rxf4 Bg5 40.
Rxf5+ Ke7 41. Nf3 Ke6 42. g4 Rf2 43. Nxg5+ 1-0

[Event "Tournoi Skype 031B"]
[Site "Skype"]
[Date "????.??.??"]
[Round "4.13"]
[White "Quiel, Aristoteles"]
[Black "Scata, Laura"]
[Result "1-0"]
[WhiteElo "1161"]
[BlackElo "1370"]
[PlyCount "95"]

1. d4 Nf6 2. c4 d5 3. cxd5 Nxd5 4. e4 Nb6 5. Nc3 c6 6. Nf3 Qc7 7. Bd3 N8d7 8.
O-O e5 9. dxe5 Nxe5 10. Bf4 Bd6 11. Nxe5 Bxe5 12. Bxe5 Qxe5 13. f4 Qc7 14. e5
O-O 15. Qc2 g6 16. Rfe1 Be6 17. Rad1 Rad8 18. Kh1 Nd5 19. Nxd5 Rxd5 20. Be4
Rxd1 21. Rxd1 Rd8 22. h4 Qe7 23. g3 Rd7 24. Re1 Qb4 25. Qf2 Qa5 26. Kg2 Qxa2
27. h5 Bd5 28. Bxd5 Qxd5+ 29. Kh2 Qd2 30. Re2 Qd4 31. Qf3 Qd5 32. Qg4 Qe6 33.
f5 Qxf5 34. Qxf5 gxf5 35. Rf2 Kg7 36. Rxf5 Rd2+ 37. Kh3 Rxb2 38. Rg5+ Kh8 39.
h6 Rb5 40. Kg4 a5 41. Kf5 c5 42. Kf6 Rb6+ 43. Ke7 Rg6 44. Rxg6 hxg6 45. Kxf7 a4
46. e6 a3 47. Kxg6 a2 48. e7 1-0

[Event "Tournoi Skype 031B"]
[Site "Skype"]
[Date "????.??.??"]
[Round "4.14"]
[White "Rivalta, Paolo"]
[Black "Luna Perez Vico, Lorenzo"]
[Result "1/2-1/2"]
[WhiteElo "1143"]
[BlackElo "1341"]
[PlyCount "54"]

1. d4 Nf6 2. Bf4 d5 3. Nf3 Nc6 4. e3 a6 5. h3 Bf5 6. Bd3 Be4 7. Bxe4 Nxe4 8.
Nbd2 Nf6 9. O-O e6 10. Ne5 Nxe5 11. Bxe5 Bd6 12. Nf3 Bxe5 13. Nxe5 Nd7 14. Qg4
Nxe5 15. dxe5 g6 16. c3 h5 17. Qf3 O-O 18. Rad1 c5 19. c4 d4 20. exd4 cxd4 21.
Qe4 Qc7 22. Rxd4 Rad8 23. Rfd1 Rxd4 24. Rxd4 b6 25. Rd6 Rc8 26. b3 Qc5 27. Qf4
Qc7 1/2-1/2

[Event "Tournoi Skype 031B"]
[Site "Skype"]
[Date "????.??.??"]
[Round "4.15"]
[White "Duthoit, Bernard"]
[Black "Malbec, Robert"]
[Result "1-0"]
[WhiteElo "1320"]
[BlackElo "1174"]
[PlyCount "87"]

1. e4 e5 2. Nf3 Nc6 3. Bb5 a6 4. Bxc6 dxc6 5. d3 Bd6 6. Bg5 Nf6 7. O-O h6 8.
Bh4 O-O 9. Nbd2 Qe7 10. Nc4 Bg4 11. Bg3 Bxf3 12. Qxf3 b5 13. Na5 Qd7 14. a4
Rfe8 15. Qe3 Rab8 16. Nb3 Ng4 17. Nc5 Qe7 18. Qe2 Nxf2 19. Nxa6 Ra8 20. Bxf2
Rxa6 21. axb5 Rxa1 22. Rxa1 cxb5 23. Ra7 Bc5 24. Bxc5 Qxc5+ 25. Qf2 Qxf2+ 26.
Kxf2 Rc8 27. Ke3 f6 28. c3 g5 29. g4 Kg7 30. Rb7 Kg6 31. Rxb5 c6 32. Rc5 h5 33.
h3 h4 34. b4 Kf7 35. b5 Ke7 36. bxc6 Kd6 37. Rc4 Rxc6 38. Rxc6+ Kxc6 39. d4 Kd6
40. d5 Kc5 41. Kd3 Kd6 42. c4 Kc5 43. Kc3 Kd6 44. Kb4 1-0

[Event "Tournoi Skype 031B"]
[Site "Skype"]
[Date "????.??.??"]
[Round "4.16"]
[White "Crocioni, Luca"]
[Black "Prieto Umba, Jairo Ovidio"]
[Result "1-0"]
[WhiteElo "1148"]
[BlackElo "1317"]
[PlyCount "97"]

1. d4 d5 2. Bf4 a6 3. e3 Bf5 4. Bd3 Bxd3 5. Qxd3 Nf6 6. Nf3 Nc6 7. Nbd2 e6 8.
a3 Bd6 9. Bxd6 Qxd6 10. Nb3 b6 11. c4 dxc4 12. Qxc4 b5 13. Qc3 Nd5 14. Qc2 h6
15. Nc5 Nd8 16. Rc1 Rc8 17. e4 Ne7 18. e5 Qc6 19. O-O Nb7 20. Qd2 O-O 21. b4
Rfd8 22. Qf4 Nd5 23. Qe4 a5 24. bxa5 Nxa5 25. Nb3 Qb6 26. Nc5 c6 27. Qd3 Nf4
28. Qe4 Nd5 29. Qc2 Nb7 30. Qb2 Nf4 31. Rfe1 Ra8 32. Ra1 Nxc5 33. dxc5 Qxc5 34.
Rec1 Qb6 35. Qc2 Rac8 36. Qe4 Nd3 37. Rf1 Nc5 38. Qe3 Rd3 39. Qe2 Rcd8 40. Rac1
Rxa3 41. Qb2 Rda8 42. Qd4 Na4 43. Qd6 Ra6 44. Qxa3 c5 45. Qe3 b4 46. Qd2 Nc3
47. Qd3 Nd5 48. Nd4 cxd4 49. Rc8+ 1-0

[Event "Tournoi Skype 031B"]
[Site "Skype"]
[Date "????.??.??"]
[Round "4.17"]
[White "Ponz Lazaro, Ruperto"]
[Black "Gomez Zuluaga, Jorge Adiel"]
[Result "1-0"]
[WhiteElo "1312"]
[BlackElo "1161"]
[PlyCount "125"]

1. d4 b6 2. Nf3 Bb7 3. Nbd2 g6 4. e3 Bg7 5. Bd3 d5 6. Qe2 c6 7. O-O Nf6 8. c3
O-O 9. e4 Qc8 10. e5 Ng4 11. h3 Nh6 12. Nh2 Ba6 13. Bxa6 Nxa6 14. Ndf3 Kh8 15.
Bg5 Ng8 16. Qd3 Nc7 17. Ng4 Qf5 18. Qxf5 gxf5 19. Ne3 Ne6 20. Nxf5 Nxg5 21.
Nxg5 h6 22. Nxg7 Kxg7 23. Nf3 e6 24. Nh2 f6 25. exf6+ Rxf6 26. Rae1 a5 27. Ng4
Rf7 28. Rxe6 Rc8 29. Rfe1 Rcc7 30. R1e5 a4 31. Rh5 Rfe7 32. Rxe7+ Rxe7 33. Re5
Kg6 34. Rxe7 Nxe7 35. Ne5+ Kf5 36. Kf1 b5 37. Ke2 Ke4 38. Ng4 c5 39. dxc5 Nc6
40. Nxh6 d4 41. cxd4 Kxd4 42. g4 Kxc5 43. g5 Kc4 44. g6 Nd4+ 45. Kd2 Ne6 46. f4
Nxf4 47. g7 Kb4 48. g8=Q Nxh3 49. Qg4+ Ka5 50. Qxh3 Kb6 51. Kc3 Kc5 52. Qh5+
Kb6 53. Kb4 a3 54. Qxb5+ Kc7 55. bxa3 Kd6 56. a4 Ke6 57. a5 Kd6 58. a6 Ke6 59.
a7 Kf6 60. a8=Q Kg6 61. Qaa6+ Kg7 62. Qbb7+ Kh8 63. Qaa8# 1-0

[Event "Tournoi Skype 031B"]
[Site "Skype"]
[Date "????.??.??"]
[Round "4.18"]
[White "Guevara, Lizbeth"]
[Black "Hargez, Dany"]
[Result "1-0"]
[WhiteElo "1129"]
[BlackElo "1296"]
[PlyCount "91"]

1. d4 d5 2. Bf4 Bf5 3. c3 e6 4. e3 Be4 5. Nd2 Bf5 6. Ngf3 Bg4 7. h3 Bh5 8. Qa4+
c6 9. Ne5 b5 10. Bxb5 cxb5 11. Qxb5+ Nd7 12. O-O Ngf6 13. c4 Rb8 14. Qa6 Rxb2
15. Nc6 Qa8 16. cxd5 Rxd2 17. dxe6 fxe6 18. Nxa7 Be2 19. Qxe6+ Be7 20. Nc6 Qa3
21. Bd6 Qxd6 22. Qb3 Qxc6 23. Rac1 Qa8 24. a4 Bxf1 25. Rxf1 Nd5 26. Rc1 O-O 27.
f4 N7f6 28. Rc7 Qe8 29. a5 Qf7 30. a6 Bd6 31. Rxf7 Kxf7 32. Qb7+ Kg6 33. Qb1+
Kf7 34. Kh2 Nxe3 35. Qb7+ Kg6 36. a7 Rxg2+ 37. Kh1 Ra2 38. Qb1+ Rc2 39. Qg1+
Ng2 40. Qf1 Ra8 41. f5+ Kf7 42. Qa6 Nh4 43. Qb7+ Be7 44. Qxa8 Rc1+ 45. Kh2 Rc2+
46. Kg3 1-0

[Event "Tournoi Skype 031B"]
[Site "Skype"]
[Date "????.??.??"]
[Round "4.19"]
[White "Pages, Philippe"]
[Black "Moumtaz, Abderrahim"]
[Result "1-0"]
[WhiteElo "1099"]
[BlackElo "1279"]
[PlyCount "57"]

1. c4 Nf6 2. Nf3 d5 3. d4 e6 4. Bd2 Nc6 5. Nc3 dxc4 6. Qa4 Bd6 7. Qxc4 O-O 8.
e4 e5 9. d5 Ne7 10. Nb5 Bd7 11. Bg5 Ng6 12. Be2 a6 13. Na3 Rc8 14. Nh4 Nxh4 15.
Bxh4 c6 16. Qd3 Bb4+ 17. Kf1 cxd5 18. h3 dxe4 19. Qb3 Bxa3 20. Qxa3 Be6 21. Rd1
Qc7 22. Bxf6 gxf6 23. Qg3+ Kh8 24. Qh4 Qe7 25. Kg1 Bxa2 26. Ra1 Bd5 27. Bg4 Be6
28. g3 Bxg4 29. hxg4 1-0

[Event "Tournoi Skype 031B"]
[Site "Skype"]
[Date "????.??.??"]
[Round "4.20"]
[White "Codina, Teresa"]
[Black "Mira Poveda, Jose Antonio"]
[Result "0-1"]
[WhiteElo "1274"]
[BlackElo "1154"]
[PlyCount "82"]

1. d4 d5 2. Nf3 Bf5 3. e3 Nc6 4. a3 e6 5. Bd3 Bd6 6. Bxf5 exf5 7. Nbd2 Nf6 8.
O-O O-O 9. h3 Re8 10. Re1 Ne4 11. c3 Ne7 12. Qc2 Ng6 13. c4 c5 14. cxd5 Rc8 15.
Qd1 Nh4 16. Nc4 Bb8 17. a4 Nxf3+ 18. Qxf3 Qxd5 19. Nd2 g6 20. Nxe4 Rxe4 21. Bd2
Qd6 22. g3 cxd4 23. exd4 Qxd4 24. Rxe4 fxe4 25. Qe3 Qxb2 26. Re1 Rc2 27. Re2
Be5 28. Kg2 Bd4 29. Qxe4 Rxd2 30. Rxd2 Qxd2 31. Qf3 a6 32. h4 b5 33. axb5 axb5
34. h5 g5 35. h6 Kf8 36. Qa8+ Ke7 37. Qb7+ Kf6 38. Qc6+ Kf5 39. Qf3+ Kg6 40.
Qc6+ f6 41. Qf3 b4 0-1

[Event "Tournoi Skype 031B"]
[Site "Skype"]
[Date "????.??.??"]
[Round "4.22"]
[White "Cengiz, Ali Ekber"]
[Black "Linares Vernet, Ana"]
[Result "0-1"]
[WhiteElo "1266"]
[BlackElo "1142"]
[PlyCount "80"]

1. e4 e6 2. d4 d6 3. Nc3 Nf6 4. Bb5+ c6 5. Ba4 Bd7 6. Nf3 Be7 7. O-O O-O 8. e5
Nd5 9. Ne4 dxe5 10. dxe5 c5 11. Bb3 Nb4 12. c3 N4a6 13. Bc2 Bb5 14. Bd3 Bxd3
15. Qxd3 Qxd3 16. Ng3 Qb5 17. c4 Qxc4 18. b3 Qc3 19. Bd2 Qd3 20. Rfe1 Qb5 21.
Re3 Rd8 22. a4 Qc6 23. Ne4 Nb4 24. Ne1 Nc2 25. Nxc2 Nd7 26. Bc3 b6 27. Na3 a6
28. Nc4 h6 29. h3 a5 30. Kh2 Bg5 31. Re2 Bf4+ 32. g3 Bg5 33. f4 Be7 34. h4 Nb8
35. Kh3 Na6 36. g4 Rd3+ 37. Kh2 Bxh4 38. Nb2 Rd5 39. Nc4 Nb4 40. Kh3 Be7 0-1

[Event "Tournoi Skype 031B"]
[Site "Skype"]
[Date "????.??.??"]
[Round "4.23"]
[White "Franco Flores, Ximena"]
[Black "Bucherie, Volcy"]
[Result "1-0"]
[WhiteElo "1074"]
[BlackElo "1264"]
[PlyCount "49"]

1. e4 c6 2. d4 d5 3. Nd2 dxe4 4. Nxe4 Bf5 5. Ng3 Bg6 6. Nf3 Nf6 7. b3 e6 8. Bb2
Ne4 9. Nxe4 Bxe4 10. Qe2 Bxf3 11. Qxf3 Bb4+ 12. c3 Bd6 13. Bd3 O-O 14. O-O Qc7
15. Qh5 h6 16. c4 c5 17. d5 e5 18. Rae1 Na6 19. a3 Qb6 20. Bc2 Nc7 21. Qg4 Ne8
22. f4 Nf6 23. Qf5 Qd8 24. fxe5 Ne8 25. Qh7# 1-0

[Event "Tournoi Skype 031B"]
[Site "Skype"]
[Date "????.??.??"]
[Round "4.24"]
[White "Abate, Luigi"]
[Black "Moraga Vasquez, Michael"]
[Result "0-1"]
[WhiteElo "1066"]
[BlackElo "1236"]
[PlyCount "46"]

1. d4 Nf6 2. Bf4 g6 3. e3 Bg7 4. Nf3 d6 5. Nbd2 O-O 6. Bd3 c5 7. c3 cxd4 8.
cxd4 Re8 9. O-O e5 10. Bxe5 dxe5 11. Bc4 exd4 12. Nxd4 Nc6 13. Bb5 Bd7 14. Nc4
Nxd4 15. Qxd4 Bxb5 16. Qxd8 Raxd8 17. b3 Bxc4 18. bxc4 Ne4 19. Rac1 Rc8 20. f3
Nd2 21. Rfd1 Nxc4 22. e4 Ne3 23. Rd7 Rxc1+ 0-1

[Event "Tournoi Skype 031B"]
[Site "Skype"]
[Date "????.??.??"]
[Round "4.25"]
[White "Battaglia, Gabriele"]
[Black "Trapletti, Cosetta"]
[Result "1/2-1/2"]
[WhiteElo "1228"]
[BlackElo "1138"]
[PlyCount "97"]

1. c4 e6 2. Nc3 d5 3. d4 c5 4. cxd5 exd5 5. Nf3 Bd6 6. e3 Bd7 7. Nxd5 Bc6 8.
Bc4 b5 9. Bb3 Qe7 10. Nc3 Nf6 11. O-O Ng4 12. Re1 Qf6 13. dxc5 Bxc5 14. Bc2
Bxf3 15. Qxf3 Qxf3 16. gxf3 Ne5 17. Be4 Nbd7 18. Bxa8 O-O 19. Bd5 Nd3 20. Rd1
N7e5 21. f4 Rd8 22. a3 b4 23. fxe5 Nxe5 24. axb4 Bxb4 25. Rxa7 Ng4 26. Rxf7 h6
27. Rd7+ Kf8 28. Rxd8+ Ke7 29. Bf3 Ne5 30. Nd5+ Ke6 31. Nxb4 Nxf3+ 32. Kg2 Nh4+
33. Kg3 Nf5+ 34. Kg4 g6 35. e4 h5+ 36. Kg5 Ng7 37. Kxg6 Ke5 38. Kxg7 Kxe4 39.
Re8+ Kf3 40. Be3 Kg2 41. Kg6 h4 42. Kg5 h3 43. Kh4 Kxh2 44. Nd3 Kg2 45. Ne1+
Kf1 46. Kxh3 Ke2 47. Red8 Kf1 48. Nf3+ Ke2 49. Nh2 1/2-1/2

[Event "Tournoi Skype 031B"]
[Site "Skype"]
[Date "????.??.??"]
[Round "4.26"]
[White "Hernandez Lopez, Joaquin"]
[Black "Fouques Duparc, Paulin"]
[Result "0-1"]
[WhiteElo "1066"]
[BlackElo "1228"]
[PlyCount "86"]

1. e4 Nf6 2. Nc3 e5 3. Nf3 Nc6 4. Bc4 Bc5 5. O-O Nd4 6. Ng5 O-O 7. Nd5 c6 8.
Nxf6+ Qxf6 9. d3 b5 10. Bxf7+ Rxf7 11. Nxf7 Qxf7 12. c3 Ne6 13. Be3 Be7 14. Qd2
d5 15. f4 Nxf4 16. Bxf4 exf4 17. Qxf4 Qe6 18. Rf3 Bd7 19. Raf1 Bd6 20. e5 Be7
21. Qf7+ Kh8 22. Rg3 g6 23. d4 Rf8 24. Qxf8+ Bxf8 25. Rxf8+ Kg7 26. Rgf3 Kh6
27. R8f6 Qg8 28. Rf7 Bf5 29. Rxa7 Qd8 30. Ra6 Qc7 31. a4 bxa4 32. Rxa4 c5 33.
Re3 cxd4 34. Rxd4 Be4 35. e6 Qe7 36. c4 Qc5 37. Rh3+ Kg7 38. e7 Qxd4+ 39. Kf1
Qxc4+ 40. Kf2 Qc5+ 41. Ke1 Qxe7 42. Kf2 Qf6+ 43. Ke3 Qxb2 0-1

[Event "Tournoi Skype 031B"]
[Site "Skype"]
[Date "????.??.??"]
[Round "4.27"]
[White "Tolaro, Filippa"]
[Black "Parrales, Rodolfo"]
[Result "0-1"]
[WhiteElo "1048"]
[BlackElo "1220"]
[PlyCount "30"]

1. d4 g6 2. Nf3 Bg7 3. b3 d6 4. Bb2 Nd7 5. e3 Ngf6 6. Bd3 e5 7. dxe5 dxe5 8.
Nxe5 Nxe5 9. Bxe5 Qd5 10. f4 Qxg2 11. Rf1 Qxh2 12. Bxc7 Qh4+ 13. Rf2 O-O 14.
Nc3 Ng4 15. Be5 Qxf2# 0-1

[Event "Tournoi Skype 031B"]
[Site "Skype"]
[Date "????.??.??"]
[Round "4.28"]
[White "Conde, Carmen"]
[Black "Guillaume, Mickael"]
[Result "1-0"]
[WhiteElo "1206"]
[BlackElo "1126"]
[PlyCount "67"]

1. e4 e5 2. Bc4 Bc5 3. Qh5 Qf6 4. Nf3 g6 5. Qxe5+ Qxe5 6. Nxe5 Nh6 7. d3 Bd4 8.
Nf3 Bg7 9. c3 Nc6 10. a3 d6 11. h3 O-O 12. O-O Be6 13. Nbd2 Rfe8 14. Ng5 Ne5
15. Bxe6 fxe6 16. d4 Nd3 17. Nc4 d5 18. exd5 exd5 19. Ne3 Rad8 20. Rb1 Nf7 21.
Nxf7 Kxf7 22. Bd2 c6 23. Ng4 Re2 24. Bg5 Rf8 25. b4 Ke6 26. Rbd1 Nxf2 27. Nxf2
h6 28. Bc1 Rc2 29. Rde1+ Kd6 30. Re3 Rfxf2 31. Rxf2 Rxc3 32. Rxc3 Bxd4 33. Bf4+
Ke6 34. Rd3 1-0

[Event "Tournoi Skype 031B"]
[Site "Skype"]
[Date "????.??.??"]
[Round "4.29"]
[White "Sosa, Juan Carlos"]
[Black "Baker, Abi"]
[Result "1-0"]
[WhiteElo "1199"]
[BlackElo "1067"]
[PlyCount "59"]

1. d4 d5 2. Nc3 Nf6 3. Bf4 a6 4. e3 Bd7 5. Bd3 g6 6. Nf3 Bg7 7. O-O O-O 8. e4
Bg4 9. h3 dxe4 10. Bxe4 Bxf3 11. Bxf3 Nc6 12. d5 Na5 13. Qd3 c6 14. b4 Nxd5 15.
Bxd5 cxd5 16. bxa5 Qxa5 17. Rad1 Bxc3 18. Qxd5 Qa4 19. Bg5 Qxc2 20. Bxe7 Rfc8
21. Qxb7 a5 22. Qb1 Qe2 23. Rd7 Qe5 24. Bd6 Qg5 25. Qb7 Qd2 26. Rxf7 Qxd6 27.
Rxh7 Qf4 28. Rd1 Be5 29. g3 Qa4 30. Qf7# 1-0

[Event "Tournoi Skype 031B"]
[Site "Skype"]
[Date "????.??.??"]
[Round "4.30"]
[White "Bledsoe, Megan"]
[Black "Radice, Marco"]
[Result "1-0"]
[WhiteElo "1000"]
[BlackElo "1198"]
[PlyCount "61"]

1. d4 Nf6 2. c4 e6 3. Nc3 c5 4. e3 g6 5. Nf3 Bg7 6. e4 Nc6 7. e5 Nh5 8. g4 cxd4
9. Nxd4 Nxd4 10. Qxd4 Nf6 11. exf6 Bxf6 12. Qd3 O-O 13. Bd2 Bh4 14. O-O-O Bxf2
15. Bf4 a5 16. Nb5 a4 17. Bd6 Qg5+ 18. Kb1 Re8 19. Nc7 b5 20. Nxa8 Bb7 21. Be2
Bxh1 22. Rxh1 Rxa8 23. cxb5 a3 24. Bxa3 Qf6 25. Qxd7 Qe5 26. Bf3 Qf4 27. Bxa8
Qxg4 28. Qd8+ Kg7 29. Bf8+ Kh8 30. Be7+ Kg7 31. Qf8# 1-0

[Event "Tournoi Skype 031B"]
[Site "Skype"]
[Date "????.??.??"]
[Round "4.31"]
[White "Alarcon Alarcon, Marina"]
[Black "Vasquez Donaire, Ivis Godofredo"]
[Result "0-1"]
[WhiteElo "1196"]
[BlackElo "1000"]
[PlyCount "60"]

1. e4 e5 2. Nf3 Nc6 3. Bb5 a6 4. Ba4 Nf6 5. Nc3 Bc5 6. h3 O-O 7. d3 d6 8. O-O
h6 9. a3 Be6 10. b4 Ba7 11. Ne2 Qd7 12. c3 Bxh3 13. Bxc6 bxc6 14. gxh3 Qxh3 15.
Ng3 Qxg3+ 16. Kh1 Bxf2 17. Rxf2 Qxf2 18. Nh2 Qh4 19. Bd2 h5 20. Qe2 Ng4 21. Be1
Qh3 22. Qg2 Qxd3 23. Nxg4 hxg4 24. Qxg4 f5 25. exf5 Rxf5 26. Bh4 Raf8 27. Rg1
R8f7 28. c4 Rf4 29. Qh5 Qe4+ 30. Kh2 Rxh4+ 0-1

[Event "Tournoi Skype 031B"]
[Site "Skype"]
[Date "????.??.??"]
[Round "4.33"]
[White "Schnell, Nicolas"]
[Black "Busto, Ricardo"]
[Result "0-1"]
[WhiteElo "1035"]
[BlackElo "1194"]
[PlyCount "88"]

1. e4 c5 2. Nc3 Nc6 3. Bc4 e6 4. Nf3 a6 5. d4 b5 6. Bb3 c4 7. Bg5 Be7 8. Bf4
cxb3 9. axb3 d6 10. d5 exd5 11. Bg5 dxe4 12. Nxe4 d5 13. Ng3 Bxg5 14. O-O Be6
15. Re1 Be7 16. Nh5 Bf6 17. Qd3 Nge7 18. Nd4 Nxd4 19. Qc3 Ne2+ 20. Rxe2 Bxc3
21. bxc3 O-O 22. Re5 Nc6 23. Re3 Qg5 24. Ng3 Rfe8 25. Rae1 d4 26. cxd4 Nxd4 27.
Rd3 Nxc2 28. Red1 Qg6 29. R1d2 Bxb3 30. Rd1 Re1+ 31. Rxe1 Qxd3 32. h4 Nxe1 33.
Kh2 Bd5 34. Kg1 Nxg2 35. Kh2 Nxh4 36. Kh3 Ng6 37. Kh2 Re8 38. Kh3 Be6+ 39. Kg2
Nf4+ 40. Kh2 Qd2 41. Kg1 Rc8 42. Kh2 Qxf2+ 43. Kh1 Bd5+ 44. Ne4 Bxe4# 0-1

[Event "Tournoi Skype 031B"]
[Site "Skype"]
[Date "????.??.??"]
[Round "4.34"]
[White "Balci Gungor, Ayca"]
[Black "Guillen Andrinal, Pablo"]
[Result "1-0"]
[WhiteElo "1145"]
[BlackElo "1017"]
[PlyCount "51"]

1. e4 e5 2. Bc4 Bc5 3. d3 d6 4. Be3 Bxe3 5. fxe3 Nf6 6. Nf3 O-O 7. O-O Nc6 8.
a3 Qe7 9. Nc3 Be6 10. Nd5 Bxd5 11. exd5 Na5 12. Ba2 c6 13. b4 Nxd5 14. Bxd5
cxd5 15. bxa5 e4 16. Nd4 Rfe8 17. Nf5 Qd8 18. Qg4 g6 19. Nh6+ Kg7 20. Nf5+ Kg8
21. Rf2 f6 22. Raf1 Kf7 23. Nh6+ Kg7 24. Rxf6 Kxh6 25. Qh4+ Kg7 26. Rf7+ 1-0

[Event "Tournoi Skype 031B"]
[Site "Skype"]
[Date "????.??.??"]
[Round "4.35"]
[White "Bellati, Fabio"]
[Black "Hernandez, Ivan"]
[Result "1-0"]
[WhiteElo "1129"]
[BlackElo "1016"]
[PlyCount "73"]

1. e4 c5 2. Nf3 Nc6 3. Bc4 d6 4. c3 Bg4 5. d4 cxd4 6. cxd4 Bxf3 7. Qxf3 e6 8.
O-O Nf6 9. Nc3 g6 10. Bg5 Bg7 11. Rad1 O-O 12. e5 d5 13. exf6 Bxf6 14. Bxf6 Qd6
15. Bb5 e5 16. dxe5 Nxe5 17. Bxe5 Qxe5 18. Rxd5 Qg7 19. Rfd1 g5 20. h3 f5 21.
Rxf5 a6 22. Bc4+ Kh8 23. Rxf8+ Rxf8 24. Qd5 b5 25. Bb3 h5 26. Ne4 Rg8 27. Qxg8+
Qxg8 28. Bxg8 Kxg8 29. Nxg5 Kg7 30. Rd7+ Kg6 31. Nf3 Kf5 32. Ra7 Ke4 33. Rxa6
Kd5 34. g4 hxg4 35. hxg4 Kc5 36. g5 Kb4 37. g6 1-0

[Event "Tournoi Skype 031B"]
[Site "Skype"]
[Date "????.??.??"]
[Round "4.36"]
[White "De Souza, Luciano"]
[Black "Montilla Bejarano, Mey"]
[Result "0-1"]
[WhiteElo "1000"]
[BlackElo "1088"]
[PlyCount "46"]

1. e4 d5 2. exd5 Qxd5 3. Nc3 Qa5 4. d4 Nf6 5. h3 Bf5 6. Bd2 Qb6 7. Bc1 c6 8.
Nf3 e6 9. Bc4 Bb4 10. O-O Nbd7 11. Ne2 h6 12. c3 Bd6 13. Ng3 Bg6 14. Bb3 Qc7
15. Ne2 Be4 16. Ng3 Bxg3 17. fxg3 Qxg3 18. Bc2 Bd5 19. Be3 g5 20. Bf2 Qc7 21.
Nd2 h5 22. Re1 g4 23. hxg4 hxg4 0-1

[Event "Tournoi Skype 031B"]
[Site "Skype"]
[Date "????.??.??"]
[Round "4.37"]
[White "Latterra, Jeremias"]
[Black "Skura, Simone"]
[Result "0-1"]
[WhiteElo "1047"]
[BlackElo "1000"]
[PlyCount "48"]

1. e4 e5 2. Nf3 Nc6 3. Bb5 Nf6 4. O-O a6 5. Bxc6 dxc6 6. c3 Be6 7. h3 Bc4 8.
Re1 Bd3 9. Nxe5 Nxe4 10. Nxd3 Qxd3 11. Re3 Qd5 12. f3 Bc5 13. d4 f5 14. fxe4
fxe4 15. Qb3 Bd6 16. Nd2 O-O-O 17. Qxd5 cxd5 18. b3 Bf4 19. Re2 Rhf8 20. c4 e3
21. Nb1 Rfe8 22. Nc3 dxc4 23. Bxe3 Bxe3+ 24. Kh1 Bxd4 0-1